LEADER 00861cam0-22003011i-450- 001 990009310170403321 005 20110121115300.0 035 $a000931017 035 $aFED01000931017 035 $a(Aleph)000931017FED01 035 $a000931017 100 $a20110121d1989----km-y0itay50------ba 101 0 $aita 102 $aIT 105 $ay-------001yy 200 1 $a<>bambino con problemi di linguaggio$ediagnosi, intervento, prevenzione a casa e a scuola$fJacqueline Bickel 210 $aLivorno$cBelforte$d1989 215 $a443 p.$d24 cm. 610 0 $aLogopedia 676 $a618.92855$v19 700 1$aBickel,$bJacqueline$0324007 801 0$aIT$bUNINA$gRICA$2UNIMARC 901 $aBK 912 $a990009310170403321 952 $a90 T 3a 9$fFMEBC 959 $aFMEBC 996 $aBambino con problemi di linguaggio$9771250 997 $aUNINA LEADER 01320nam2-2200397---450- 001 990005842790203316 005 20130515091519.0 010 $a978-88-222-6121-2 035 $a000584279 035 $aUSA01000584279 035 $a(ALEPH)000584279USA01 035 $a000584279 100 $a20130514d2012----km-y0itay50------ba 101 $aita 101 $afre 102 $aIT 105 $a||||||||001yy 200 1 $aDialogo & conversazione$ei luoghi di una socialità ideale dal Rinascimento all'illuminismo$fa cura di Michael Hĝxbro Andersen e Anders Toftgaard 210 $aFirenze$cOlschki$d2012 215 $a264 p.$d24 cm 225 2 $aBiblioteca dell'Archivum Romanicum$iSerie 1, Storia, letteratura, paleografia$v392 410 0$1001000282353$12001$aBiblioteca dell'Archivum Romanicum$v, 392 517 1 $aDialogo e conversazione 606 0 $aDialoghi$2BNCF 676 $a809.926 702 1$aTOFTGAARD,$bAnders 702 1$aHOXBRO ANDERSEN,$bMichael 801 0$aIT$bsalbc$gISBD 912 $a990005842790203316 951 $aVI.3. Coll. 121/ 223$b240209 L.M.$cVI.3. Coll. 121/$d00314529 959 $aBK 969 $aUMA 979 $aIANNONE$b90$c20130514$lUSA01$h1303 979 $aIANNONE$b90$c20130515$lUSA01$h0915 996 $aDialogo & conversazione$9821487 997 $aUNISA